[Event "K41 Aabent Mesterskab 2005-06"]
[Site "Copenhagen"]
[Date "2006.01.24"]
[Round "6"]
[White "Akdag, Dara Sevkan"]
[Black "Hou, Mads"]
[Result "0-1"]
[WhiteElo "1719"]
[BlackElo "1424"]
[PlyCount "128"]
[EventDate "2005.??.??"]


1. d4 Nf6 2. c4 c5 3. d5 Ne4 4. Qc2 Qa5+ 5. Bd2 Nxd2 6. Nxd2 g6 7. e4 Bg7 8.
Be2 d6 9. Ngf3 Bd7 10. O-O b5 11. cxb5 Bxb5 12. b4 Qa6 13. Bxb5+ Qxb5 14. Rab1
O-O 15. a4 Qb6 16. bxc5 Qxc5 17. Qxc5 dxc5 18. Rfc1 Na6 19. Rb7 Rfe8 20. h3 Kf8
21. Nc4 Reb8 22. Rxb8+ Rxb8 23. Nce5 Rb7 24. Nc6 Ke8 25. Kf1 Bh6 26. Rc2 f6 27.
Ke2 Bf4 28. Ne1 Bd6 29. Nd3 Kd7 30. f4 e6 31. Na5 Rc7 32. e5 fxe5 33. fxe5 exd5
34. exd6 Kxd6 35. Rb2 c4 36. Ne1 Nc5 37. Rb1 Re7+ 38. Kd2 Ne4+ 39. Kc2 Nc5 40.
Rd1 Re2+ 41. Kb1 Nxa4 42. Kc1 Kc5 43. Nc2 Nc3 44. Nd4 Nxd1 45. Nxe2 Ne3 46.
Nb7+ Kb6 47. Nd6 Nxg2 48. Nf7 Nh4 49. Ng5 h5 50. Ne6 Nf3 51. N6f4 Kc5 52. Nxg6
h4 53. Nef4 d4 54. Ng2 Ng5 55. N6f4 Nf3 56. Ng6 a5 57. N2xh4 Nxh4 58. Nxh4 c3
59. Nf3 d3 60. h4 a4 61. Ne5 d2+ 62. Kc2 a3 63. Nd3+ Kc4 64. Ne5+ Kb4 0-1

[Event "K41 Aabent Mesterskab 2005-06"]
[Site "Copenhagen"]
[Date "2006.01.24"]
[Round "6"]
[White "Brorsen, Jacob Abildlund"]
[Black "Sorensen, Ken"]
[Result "1/2-1/2"]
[WhiteElo "1652"]
[BlackElo "1383"]
[PlyCount "98"]
[EventDate "2005.??.??"]


1. f4 b6 2. Nf3 Bb7 3. g3 Nf6 4. Bg2 g6 5. d3 d5 6. O-O Bg7 7. c3 O-O 8. Qe1 c5
9. h3 Nc6 10. Nbd2 d4 11. Ne5 Qc7 12. Ndf3 dxc3 13. bxc3 Nd7 14. d4 cxd4 15.
cxd4 Ndxe5 16. dxe5 e6 17. Bb2 Rfd8 18. Rc1 Qe7 19. Ng5 Rac8 20. Ne4 Na5 21.
Nd6 Rxc1 22. Qxc1 Bxg2 23. Kxg2 Nb7 24. Ba3 Qd7 25. Rd1 Nxd6 26. exd6 Rc8 27.
Qd2 Rc4 28. Rc1 Qc6+ 29. Kh2 Rxc1 30. Qxc1 Qxc1 31. Bxc1 Kf8 32. Ba3 Ke8 33. e4
e5 34. Kg2 Kd7 35. Kf3 h5 36. Ke3 f6 37. Kd3 Bf8 38. Kc4 Bxd6 39. Bxd6 Kxd6 40.
Kb5 Kc7 41. fxe5 fxe5 42. g4 hxg4 43. hxg4 g5 44. Ka6 Kc6 45. Kxa7 b5 46. Ka6
Kc5 47. Ka5 Kc4 48. Kb6 b4 49. Ka5 Kc5 1/2-1/2

[Event "K41 Aabent Mesterskab 2005-06"]
[Site "Copenhagen"]
[Date "2006.01.24"]
[Round "6"]
[White "Christiansen, Erling Molbaek"]
[Black "Edoo, Niels"]
[Result "1/2-1/2"]
[WhiteElo "1816"]
[BlackElo "1964"]
[PlyCount "84"]
[EventDate "2005.??.??"]


1. e4 c5 2. Nc3 d6 3. g3 Nc6 4. Bg2 h5 5. h4 Nf6 6. d3 Bg4 7. f3 Bd7 8. Bg5 Qb6
9. Bxf6 gxf6 10. Nd5 Qa5+ 11. c3 Qd8 12. Qc2 Bh6 13. f4 e6 14. Ne3 Rg8 15. Ne2
e5 16. Bf3 exf4 17. gxf4 Bg4 18. Bxg4 hxg4 19. Nf5 Bf8 20. O-O-O Ne7 21. Nxe7
Bxe7 22. Ng3 Qa5 23. Kb1 b5 24. d4 c4 25. d5 Qc7 26. Nf5 a5 27. Rdg1 b4 28. Nh6
Rg6 29. Nxg4 b3 30. axb3 cxb3 31. Qxb3 a4 32. Qa3 Qc4 33. Qb4 Qd3+ 34. Ka2 a3
35. bxa3 Rxg4 36. Rxg4 Qe2+ 37. Kb3 Qxg4 38. f5 Qg2 39. Rb1 Qh2 40. a4 Bd8 41.
Qb7 Ra5 42. Qc6+ Kf8 1/2-1/2

[Event "K41 Aabent Mesterskab 2005-06"]
[Site "Copenhagen"]
[Date "2006.01.24"]
[Round "6"]
[White "Gjedde, Thomas"]
[Black "Nielsen, Michael"]
[Result "0-1"]
[WhiteElo "1896"]
[BlackElo "2034"]
[PlyCount "104"]
[EventDate "2005.??.??"]


1. d4 e6 2. c4 Nf6 3. Nc3 b6 4. Nf3 Bb7 5. Bg5 Be7 6. e3 O-O 7. Bd3 d5 8. O-O
Nbd7 9. Rc1 c5 10. Qe2 Rc8 11. Rfd1 Ne4 12. Bxe7 Qxe7 13. Nd2 Nxd2 14. Rxd2
cxd4 15. exd4 dxc4 16. Bb1 Qg5 17. Ne4 Bxe4 18. Bxe4 Nf6 19. Bb7 Rc7 20. Bf3
Nd5 21. g3 Rfc8 22. h4 Qf6 23. Bxd5 exd5 24. Re1 g6 25. Qe5 Qxe5 26. dxe5 Rd8
27. Red1 Rcd7 28. Rd4 Kf8 29. f4 Ke7 30. Kf2 h5 31. Kf3 Ke6 32. R1d2 Rc8 33.
Rd1 Rc5 34. R1d2 Ra5 35. a3 Rb5 36. Kf2 Rb3 37. Kg2 a5 38. Kf2 b5 39. Kg2 c3
40. bxc3 Rxc3 41. Rb2 Rb7 42. Ra4 bxa4 43. Rxb7 d4 44. Kf2 Rxa3 45. Ra7 Ra1 46.
Rxa5 a3 47. Kf3 a2 48. Kg2 d3 49. Kh2 Re1 50. Ra6+ Ke7 51. Ra7+ Kf8 52. Rxa2
Re2+ 0-1

[Event "K41 Aabent Mesterskab 2005-06"]
[Site "Copenhagen"]
[Date "2006.01.24"]
[Round "6"]
[White "Ibsen, Johan"]
[Black "Truelsen, Ole Illum"]
[Result "0-1"]
[WhiteElo "1477"]
[BlackElo "1804"]
[PlyCount "98"]
[EventDate "2005.??.??"]


1. d4 e6 2. c4 f5 3. g3 d5 4. Bg2 c6 5. Nf3 Nf6 6. O-O Bd6 7. b3 O-O 8. Ba3
Bxa3 9. Nxa3 Qe7 10. Qc1 Nbd7 11. Qb2 b6 12. Nc2 Bb7 13. Nce1 Rad8 14. Nd3 dxc4
15. bxc4 Ne4 16. c5 Rb8 17. cxb6 Ba6 18. Nfe5 Rxb6 19. Qc2 Rc8 20. f3 Nef6 21.
Rab1 Qd6 22. Qc3 c5 23. Rxb6 axb6 24. Nxd7 Nxd7 25. dxc5 bxc5 26. f4 Nb6 27.
Qc2 Nc4 28. Rf3 Qd4+ 29. Nf2 Ne3 30. Qb3 Qa1+ 31. Nd1 Qxd1+ 32. Qxd1 Nxd1 33.
Bf1 Rb8 34. Ra3 Bc4 35. e3 Bxf1 36. Kxf1 Rb2 37. Ke1 Nf2 38. Ra6 Kf7 39. a4
Nd3+ 40. Kd1 c4 41. Ra7+ Kf6 42. Rc7 Rb4 43. a5 Ra4 44. Kc2 Nb4+ 45. Kd2 Rxa5
46. Rxc4 Nd5 47. e4 fxe4 48. Rxe4 Ra2+ 49. Kd3 Rxh2 0-1

[Event "K41 Aabent Mesterskab 2005-06"]
[Site "Copenhagen"]
[Date "2006.01.24"]
[Round "6"]
[White "Joensen, Hjalmar"]
[Black "Gjelstrup, Ole"]
[Result "0-1"]
[WhiteElo "1423"]
[BlackElo "1394"]
[PlyCount "38"]
[EventDate "2005.??.??"]


1. d4 d5 2. c4 e5 3. dxe5 d4 4. e3 Bb4+ 5. Bd2 dxe3 6. Bxb4 exf2+ 7. Ke2
fxg1=N+ 8. Ke1 Qh4+ 9. Kd2 Qf4+ 10. Kc3 Qxe5+ 11. Kb3 a5 12. Qe1 Ne2 13. Bc3
Nd4+ 14. Ka3 Nc2+ 15. Kb3 Nxa1+ 16. Ka3 Nc2+ 17. Kb3 Qxe1 18. Bxe1 Nxe1 19. Rg1
Bf5 0-1

[Event "K41 Aabent Mesterskab 2005-06"]
[Site "Copenhagen"]
[Date "2006.01.24"]
[Round "6"]
[White "Katzmann, Svend Aage"]
[Black "Frederiksen, Alan"]
[Result "1-0"]
[WhiteElo "1388"]
[BlackElo "1539"]
[PlyCount "81"]
[EventDate "2005.??.??"]


1. d4 d5 2. c4 e6 3. Nf3 Nf6 4. Nc3 Be7 5. e3 O-O 6. Bd3 c6 7. O-O dxc4 8. Bxc4
b5 9. Bd3 Bb7 10. Re1 a6 11. b3 c5 12. dxc5 Bxc5 13. Be2 Nbd7 14. Bb2 Rc8 15.
Rc1 Qb6 16. Bf1 Rfd8 17. Nd4 Ne5 18. Qe2 Ng6 19. Rcd1 Bb4 20. Rc1 e5 21. Nf3 e4
22. Nd4 Qd6 23. Red1 Qe7 24. Nf5 Qe6 25. Rxd8+ Rxd8 26. Nd4 Qd7 27. f4 exf3 28.
gxf3 Re8 29. Qf2 Qe7 30. Nd1 Nd5 31. e4 Ndf4 32. Ne3 Ne5 33. Ndf5 Qg5+ 34. Qg3
Qxg3+ 35. hxg3 Nfd3 36. Rc7 Nxf3+ 37. Kg2 Nxb2 38. Rxb7 Ne5 39. Nd5 Bf8 40.
Nh6+ gxh6 41. Nf6+ 1-0

[Event "K41 Aabent Mesterskab 2005-06"]
[Site "Copenhagen"]
[Date "2006.01.24"]
[Round "6"]
[White "Krogh, Soren"]
[Black "Opstrup, Niels"]
[Result "1/2-1/2"]
[WhiteElo "1288"]
[BlackElo "1240"]
[PlyCount "64"]
[EventDate "2005.??.??"]


1. g3 d6 2. Bg2 Nf6 3. Nf3 c6 4. O-O Bg4 5. d3 e5 6. c4 Be7 7. Nbd2 Qd7 8. Re1
O-O 9. b3 Bh3 10. Bh1 Ng4 11. Bb2 f5 12. Rc1 f4 13. e4 fxg3 14. fxg3 Qe6 15.
Qe2 Nd7 16. b4 Qh6 17. a4 Rf7 18. a5 Raf8 19. b5 c5 20. Nf1 Kh8 21. Ne3 Nxe3
22. Qxe3 Qxe3+ 23. Rxe3 h6 24. Bg2 Bg4 25. Nd2 Bg5 26. Rce1 Bxe3+ 27. Rxe3 Rf2
28. Bc1 Re2 29. Rxe2 Bxe2 30. Bf1 Bxf1 31. Nxf1 Rf3 32. Ne3 Rf7 1/2-1/2

[Event "K41 Aabent Mesterskab 2005-06"]
[Site "Copenhagen"]
[Date "2006.01.24"]
[Round "6"]
[White "Laursen, Niels Norskov"]
[Black "Madsen, Poul Henrik"]
[Result "1/2-1/2"]
[WhiteElo "2084"]
[BlackElo "2026"]
[PlyCount "58"]
[EventDate "2005.??.??"]


1. e4 c5 2. Nf3 Nc6 3. d4 cxd4 4. Nxd4 Nf6 5. Nc3 e5 6. Ndb5 d6 7. Bg5 a6 8.
Na3 b5 9. Nd5 Be7 10. Bxf6 Bxf6 11. c3 O-O 12. Nc2 Bg5 13. a4 bxa4 14. Rxa4 a5
15. Bc4 Rb8 16. b3 Kh8 17. O-O f5 18. exf5 Bxf5 19. Ra2 Be6 20. Qd3 Rb7 21. Rd1
Qe8 22. Nce3 Qh5 23. Qe2 Qh4 24. Bb5 Bd7 25. Qc4 Qxc4 26. Bxc4 Bd8 27. Rb2 e4
28. Ba6 Rb8 29. Bf1 Be6 1/2-1/2

[Event "K41 Aabent Mesterskab 2005-06"]
[Site "Copenhagen"]
[Date "2006.01.24"]
[Round "6"]
[White "Nielsen, Palle"]
[Black "Nielsen, Richard Hjort"]
[Result "0-1"]
[WhiteElo "1619"]
[BlackElo "1336"]
[PlyCount "96"]
[EventDate "2005.??.??"]


1. e4 e5 2. d4 exd4 3. Bc4 Qf6 4. Nf3 Bb4+ 5. Nbd2 d6 6. O-O Bg4 7. Be2 Nc6 8.
Nb3 Bxf3 9. Bxf3 Ne5 10. Be2 Bc5 11. Kh1 Ng6 12. f4 Bb6 13. Qd3 N8e7 14. Bd2
O-O 15. g4 Nc6 16. a4 a5 17. g5 Qe7 18. Bg4 Rae8 19. Rae1 Qd8 20. Rf3 d5 21. e5
Ngxe5 22. fxe5 Nxe5 23. Rxe5 Rxe5 24. Rh3 g6 25. Qg3 Qe7 26. Nc1 f5 27. Bf3 Re8
28. Nd3 Re4 29. Qg2 c6 30. Rh6 Qg7 31. Qf2 Ba7 32. Bxa5 Re3 33. Bd2 R3e6 34.
Rh3 Qe7 35. Rg3 Bb8 36. Rg2 Ba7 37. h4 Re4 38. Bb4 c5 39. Bd2 c4 40. Nf4 Qe5
41. Qg3 c3 42. bxc3 dxc3 43. Bxe4 cxd2 44. Rxd2 Qxe4+ 45. Kh2 Bb8 46. Rf2 Qxa4
47. Qd3 Bxf4+ 48. Kh3 Re3+ 0-1

[Event "K41 Aabent Mesterskab 2005-06"]
[Site "Copenhagen"]
[Date "2006.01.24"]
[Round "6"]
[White "Nielsen, Soren Skovso"]
[Black "Eiholt, Bjarne"]
[Result "1-0"]
[WhiteElo "1638"]
[BlackElo "1588"]
[PlyCount "155"]
[EventDate "2005.??.??"]


1. e4 c6 2. Nf3 d5 3. e5 Bg4 4. Be2 e6 5. d4 Bb4+ 6. c3 Ba5 7. Nbd2 Ne7 8. O-O
O-O 9. Nb3 Bb6 10. Bg5 h6 11. Bd2 Nd7 12. a4 a6 13. a5 Ba7 14. Be3 Nf5 15. Qd2
Nxe3 16. Qxe3 Rc8 17. Nfd2 Bf5 18. Qg3 c5 19. Nf3 Bc2 20. Bd1 Bd3 21. Re1 Bh7
22. dxc5 Nxc5 23. Nxc5 Rxc5 24. Ra4 Rc4 25. Ra3 Re4 26. Be2 Qd7 27. b4 Bb8 28.
Raa1 f6 29. Bf1 Qc6 30. Nd4 Qe8 31. Qh3 f5 32. Rxe4 fxe4 33. Nxe6 Bf5 34. Nxg7
Kxg7 35. Qg3+ Kh7 36. Re1 Qxe5 37. Qxe5 Bxe5 38. Re3 Bf4 39. Re2 Bg4 40. f3
exf3 41. Re7+ Kh8 42. Rxb7 Re8 43. h3 Be3+ 44. Kh2 fxg2 45. Kxg2 Bf5 46. Bxa6
Be4+ 47. Kf1 d4 48. Rc7 d3 49. Bb5 Rf8+ 50. Ke1 d2+ 51. Kd1 Bf3+ 52. Be2 Bh5
53. Bxh5 Rf1+ 54. Kc2 Rc1+ 55. Kd3 Bg5 56. Rc8+ Kg7 57. Rc7+ Kf6 58. a6 d1=Q+
59. Bxd1 Rxd1+ 60. Kc4 Ra1 61. b5 Be3 62. b6 Rxa6 63. Rc6+ Kg5 64. Kb5 Ra1 65.
c4 Rb1+ 66. Ka6 Ra1+ 67. Kb7 Bf4 68. Rc8 Kh4 69. c5 Kxh3 70. c6 h5 71. c7 Rc1
72. Rh8 h4 73. c8=Q+ Rxc8 74. Kxc8 Bg3 75. b7 Kg2 76. Rg8 Kf3 77. Kd7 h3 78.
Rxg3+ 1-0

[Event "K41 Aabent Mesterskab 2005-06"]
[Site "Copenhagen"]
[Date "2006.01.24"]
[Round "6"]
[White "Taylor, Ralph"]
[Black "Rubin, Jacob"]
[Result "1-0"]
[WhiteElo "1801"]
[BlackElo "1745"]
[PlyCount "63"]
[EventDate "2005.??.??"]


1. e4 d6 2. d4 Nc6 3. Bc4 Nf6 4. Nc3 a6 5. a4 Bd7 6. f4 e5 7. Nf3 exd4 8. Nxd4
Be7 9. O-O Bg4 10. Qd3 O-O 11. Nxc6 bxc6 12. f5 d5 13. exd5 cxd5 14. Bxa6 c6
15. a5 Qc7 16. Be3 Bd6 17. h3 Bh2+ 18. Kh1 Bh5 19. Bc5 Ne4 20. Bxf8 Ng3+ 21.
Kxh2 Nxf1+ 22. Kg1 Kxf8 23. Qxf1 Qa7+ 24. Kh1 f6 25. Bd3 Rb8 26. Qf4 Kg8 27.
Qd6 Be8 28. Ne2 Rxb2 29. Nf4 Qd7 30. Qxd7 Bxd7 31. a6 Rb8 32. c4 1-0

[Event "K41 Aabent Mesterskab 2005-06"]
[Site "Copenhagen"]
[Date "2006.01.24"]
[Round "6"]
[White "Thygesen, Morten"]
[Black "Ottosen, Peder"]
[Result "0-1"]
[WhiteElo "1879"]
[BlackElo "1957"]
[PlyCount "136"]
[EventDate "2005.??.??"]


1. e4 c5 2. Nf3 e6 3. c3 d5 4. Bb5+ Nc6 5. exd5 exd5 6. O-O Bd6 7. d4 Nge7 8.
Be3 Nf5 9. Bg5 f6 10. Re1+ Kf7 11. dxc5 Bxc5 12. Bxc6 bxc6 13. Ne5+ Kg8 14. Qh5
g6 15. Nxg6 Ng7 16. Qf3 hxg6 17. Bxf6 Bg4 18. Bxd8 Bxf3 19. Bf6 Bg4 20. b4 Bd6
21. h3 Bf5 22. Nd2 Kf7 23. Bd4 a6 24. Nf3 Rhc8 25. g4 Bd7 26. Be5 Bf8 27. Ng5+
Kg8 28. c4 Ne6 29. Nf3 Bxb4 30. Red1 Rf8 31. Rab1 Bc5 32. Rb3 Nf4 33. Ng5 Rae8
34. Bb2 Bxf2+ 35. Kh1 Rb8 36. Be5 Rxb3 37. axb3 d4 38. Bxd4 Bxd4 39. Rxd4 Bc8
40. Rd6 Kg7 41. Kh2 Kh6 42. Ne4 Re8 43. g5+ Kg7 44. Rxc6 Nxh3 45. Rc7+ Kf8 46.
Rxc8 Rxc8 47. Kxh3 Kf7 48. Kg4 Ke6 49. Kf4 Rc7 50. Nc3 Rb7 51. Ne2 Kd6 52. Ke4
Rxb3 53. Nf4 a5 54. Kd4 Rg3 55. c5+ Kc6 56. Nxg6 Rg4+ 57. Kc3 Rxg5 58. Nf4
Rxc5+ 59. Kb3 Kb5 60. Ne2 a4+ 61. Ka3 Rc4 62. Kb2 Kb4 63. Nc1 a3+ 64. Ka2 Rc2+
65. Kb1 Rh2 66. Na2+ Kc4 67. Nc1 Kd4 68. Ka1 Rh1 0-1

[Event "K41 Aabent Mesterskab 2005-06"]
[Site "Copenhagen"]
[Date "2006.01.24"]
[Round "6"]
[White "Weber, John"]
[Black "Christensen, Henning"]
[Result "1/2-1/2"]
[WhiteElo "1683"]
[BlackElo "1623"]
[PlyCount "113"]
[EventDate "2005.??.??"]


1. f4 e5 2. fxe5 d6 3. exd6 Bxd6 4. Nf3 g5 5. g3 g4 6. Nh4 Be7 7. Ng2 Nc6 8. c3
h5 9. d4 h4 10. Bf4 h3 11. Ne3 Bd6 12. Bxd6 Qxd6 13. Qd3 Nge7 14. Nd2 Qh6 15.
O-O-O Be6 16. Kb1 O-O-O 17. Nc2 f5 18. e3 Ne5 19. Qe2 Bd5 20. e4 fxe4 21. dxe5
e3 22. Qxg4+ Be6 23. Qe2 Rxd2 24. Rxd2 exd2 25. Qd1 Rd8 26. Be2 Bf5 27. Rf1 Kb8
28. Rf4 Qg6 29. b3 Bxc2+ 30. Qxc2 d1=Q+ 31. Bxd1 Rxd1+ 32. Kb2 Qxc2+ 33. Kxc2
Rh1 34. Rf8+ Nc8 35. Rf2 c5 36. Kd3 Kc7 37. Ke4 Ne7 38. c4 Re1+ 39. Kf4 Rg1 40.
Kg4 Rg2 41. Rf7 Kd7 42. Kxh3 Rxa2 43. Rf6 Rb2 44. Rd6+ Ke8 45. Rd3 Re2 46. g4
Rxe5 47. Kg3 Ng6 48. h4 Ke7 49. h5 Nf8 50. Kf4 Re1 51. Rg3 Ne6+ 52. Kf5 Rf1+
53. Kg6 Rf6+ 54. Kh7 Kf7 55. g5 Nf8+ 56. Kh8 Rf5 57. g6+ 1/2-1/2

[Event "K41 Aabent Mesterskab 2005-06"]
[Site "Copenhagen"]
[Date "2006.01.31"]
[Round "7"]
[White "Christensen, Aage"]
[Black "Christiansen, Erling Molbaek"]
[Result "0-1"]
[WhiteElo "1567"]
[BlackElo "1816"]
[PlyCount "64"]
[EventDate "2005.??.??"]


1. d4 f5 2. c4 Nf6 3. Nc3 e6 4. g3 d5 5. Bg2 c6 6. c5 b6 7. b4 Be7 8. Nf3 O-O
9. O-O Ne4 10. Nxe4 fxe4 11. Ne5 Bf6 12. Ng4 Nd7 13. Bf4 Bb7 14. Bh3 Qe8 15.
Bd6 Be7 16. Bxe7 Qxe7 17. Bg2 e5 18. dxe5 bxc5 19. bxc5 Nxc5 20. Rb1 Ba6 21.
Qc1 Bxe2 22. Qa3 Bxg4 23. Rbc1 Qxe5 24. Qxc5 Bd7 25. Rfd1 Rf7 26. Rd2 Be8 27.
Rd4 Qf6 28. Rb4 Rd8 29. Rd1 d4 30. Bxe4 Qxf2+ 31. Kh1 Qe2 32. Qc2 Rf1+ 0-1

[Event "K41 Aabent Mesterskab 2005-06"]
[Site "Copenhagen"]
[Date "2006.02.17"]
[Round "7"]
[White "Christensen, Henning"]
[Black "Brorsen, Jacob Abildlund"]
[Result "1-0"]
[WhiteElo "1623"]
[BlackElo "1652"]
[PlyCount "119"]
[EventDate "2005.??.??"]


1. d4 f5 2. e4 fxe4 3. Nc3 Nf6 4. g4 h6 5. g5 hxg5 6. Bxg5 d5 7. f3 exf3 8.
Nxf3 Bg4 9. Bd3 Nc6 10. Bg6+ Kd7 11. O-O Kc8 12. Qd3 Rh3 13. Bf5+ Bxf5 14.
Qxf5+ Qd7 15. Qxd7+ Kxd7 16. Bxf6 exf6 17. Nxd5 Rd8 18. Nf4 Rh8 19. d5 Ne7 20.
c4 Nf5 21. Ne6 Re8 22. Ne5+ fxe5 23. Rxf5 Be7 24. Raf1 Rh4 25. b3 Reh8 26. R1f2
Rg4+ 27. Kh1 Rh6 28. Rf7 Rf6 29. R2xf6 gxf6 30. Nxc7 Re4 31. c5 Re1+ 32. Kg2
Kxc7 33. Rxe7+ Kc8 34. h4 Re4 35. Kg3 Re1 36. Kg4 Rg1+ 37. Kf5 Rh1 38. Kxf6
Rxh4 39. Kxe5 Rh2 40. Kd6 Rh6+ 41. Re6 Rh8 42. c6 bxc6 43. Kxc6 Kd8 44. b4 Rh4
45. Kc5 Rh2 46. a4 Rc2+ 47. Kb5 Rc7 48. Rd6+ Ke7 49. Ra6 Kd7 50. Rh6 Rb7+ 51.
Ka5 Rb8 52. b5 Ra8 53. Ka6 Kc7 54. d6+ Kd7 55. Kb7 Re8 56. Kxa7 Re4 57. a5 Rb4
58. b6 Rb5 59. a6 Rb4 60. Kb7 1-0

[Event "K41 Aabent Mesterskab 2005-06"]
[Site "Copenhagen"]
[Date "2006.01.31"]
[Round "7"]
[White "Edoo, Niels"]
[Black "Ibsen, Johan"]
[Result "1-0"]
[WhiteElo "1964"]
[BlackElo "1477"]
[PlyCount "141"]
[EventDate "2005.??.??"]


1. d4 e6 2. c4 f5 3. Nc3 Nf6 4. Nf3 Bb4 5. Bg5 b6 6. g3 Bb7 7. Bg2 O-O 8. O-O
Bxc3 9. bxc3 d6 10. Qb3 Kh8 11. c5 Qe8 12. cxd6 cxd6 13. Bf4 Qe7 14. Ng5 Bxg2
15. Kxg2 e5 16. dxe5 dxe5 17. Bxe5 Qxe5 18. Nf7+ Rxf7 19. Qxf7 Nbd7 20. Rad1
Rf8 21. Qc4 Nc5 22. Rd4 Ne6 23. Rd2 Qe4+ 24. Qxe4 Nxe4 25. Rd7 N6c5 26. Rxa7
Nxc3 27. e3 Rd8 28. Rc1 N3e4 29. Rd1 Re8 30. Rd5 Rf8 31. Rxf5 Nf6 32. a4 h6 33.
Rf4 Rd8 34. Rd4 Rxd4 35. exd4 Ncd7 36. f4 Kg8 37. g4 Nf8 38. g5 hxg5 39. fxg5
Nd5 40. Kf3 Ng6 41. Ke4 Nc3+ 42. Kf5 Kh7 43. Ra6 Ne7+ 44. Ke6 Ned5 45. Kf5 Ne7+
46. Kg4 Ncd5 47. h4 g6 48. Kf3 Kg8 49. Ke4 Kf7 50. Ke5 Nc6+ 51. Kd6 Nce7 52.
Ra7 Ke8 53. Ra8+ Kf7 54. Rb8 Ne3 55. Rxb6 Nc4+ 56. Kc5 Nxb6 57. Kxb6 Nd5+ 58.
Kb7 Ke7 59. a5 Kd7 60. a6 Nc7 61. a7 Kd6 62. Kc8 Na8 63. Kb7 Nc7 64. a8=Q Nxa8
65. Kxa8 Ke7 66. Kb7 Kd7 67. Kb6 Kd6 68. Kb5 Kd7 69. Kc5 Kc7 70. Kd5 Kd7 71.
Ke5 1-0

[Event "K41 Aabent Mesterskab 2005-06"]
[Site "Copenhagen"]
[Date "2006.01.31"]
[Round "7"]
[White "Frederiksen, Alan"]
[Black "Abildgaard, Kenneth"]
[Result "1-0"]
[WhiteElo "1539"]
[BlackElo "1560"]
[PlyCount "59"]
[EventDate "2005.??.??"]


1. d4 Nf6 2. c4 e6 3. Nc3 c5 4. e3 cxd4 5. exd4 d5 6. Bg5 dxc4 7. Bxc4 Be7 8.
Nf3 Nc6 9. O-O O-O 10. a3 a6 11. Ba2 b5 12. Bxf6 Bxf6 13. d5 Bxc3 14. bxc3 exd5
15. Bxd5 Bb7 16. a4 bxa4 17. Rxa4 Qb6 18. Qa1 Nd8 19. Rb1 Qa7 20. c4 Bxd5 21.
cxd5 Nb7 22. Nd4 Nc5 23. Nc6 Qd7 24. Rd4 Rfe8 25. Qa3 Ne6 26. Rdd1 Nc7 27. Rb7
Qxd5 28. Qc1 Qf5 29. Rxc7 Re2 30. Ne7+ 1-0

[Event "K41 Aabent Mesterskab 2005-06"]
[Site "Copenhagen"]
[Date "2006.01.31"]
[Round "7"]
[White "Gjedde, Thomas"]
[Black "Laursen, Niels Norskov"]
[Result "1/2-1/2"]
[WhiteElo "1896"]
[BlackElo "2084"]
[PlyCount "46"]
[EventDate "2005.??.??"]


1. d4 Nf6 2. Nf3 g6 3. Nc3 d5 4. Bf4 a6 5. e3 Bg7 6. Be2 c5 7. Ne5 cxd4 8. exd4
Nbd7 9. Bf3 Nb6 10. Qd2 Be6 11. Bh6 Bxh6 12. Qxh6 Rc8 13. O-O Nc4 14. Nxc4 Rxc4
15. Qe3 O-O 16. Rfe1 Qd7 17. b3 Rc7 18. Na4 Bg4 19. Nc5 Qc8 20. Bxg4 Nxg4 21.
Qf4 Nf6 22. c3 Re8 23. Re3 Nh5 1/2-1/2

[Event "K41 Aabent Mesterskab 2005-06"]
[Site "Copenhagen"]
[Date "2006.01.31"]
[Round "7"]
[White "Gjelstrup, Ole"]
[Black "Nielsen, Jorgen Kamp"]
[Result "0-1"]
[WhiteElo "1394"]
[BlackElo "1609"]
[PlyCount "56"]
[EventDate "2005.??.??"]


1. e4 Nf6 2. Nc3 d5 3. d4 dxe4 4. f3 Bf5 5. fxe4 Nxe4 6. Nxe4 Bxe4 7. c3 c5 8.
Nf3 cxd4 9. cxd4 e6 10. Bb5+ Nc6 11. O-O Be7 12. Be3 O-O 13. Bd3 Qd5 14. Rc1
Bxd3 15. Qxd3 Qxa2 16. Rf2 Qd5 17. Rd2 Rfd8 18. h4 Rac8 19. Rf1 e5 20. Qf5 e4
21. Ne5 f6 22. Nxc6 Rxc6 23. Qg4 Qe6 24. Qg3 Bd6 25. Qf2 Qg4 26. d5 Bg3 27.
Qxg3 Qxg3 28. dxc6 Qxe3+ 0-1

[Event "K41 Aabent Mesterskab 2005-06"]
[Site "Copenhagen"]
[Date "2006.01.31"]
[Round "7"]
[White "Hansen, John Laurids"]
[Black "Akdag, Dara Sevkan"]
[Result "1-0"]
[WhiteElo "1538"]
[BlackElo "1719"]
[PlyCount "81"]
[EventDate "2005.??.??"]


1. e4 c5 2. Nc3 Nc6 3. Bc4 d6 4. Nf3 a6 5. a4 e6 6. O-O Be7 7. Re1 Qc7 8. d4
cxd4 9. Nxd4 Nf6 10. Nf3 O-O 11. h3 Rd8 12. Bf4 Ne5 13. Bb3 b6 14. Qe2 Nfd7 15.
Rad1 Bb7 16. Nxe5 Nxe5 17. Rd2 Rac8 18. Red1 Qc6 19. Qh5 Qc7 20. Qe2 Ra8 21. f3
Bc6 22. Be3 Qb7 23. Qf2 Rab8 24. Qg3 Ng6 25. Ne2 Qd7 26. Nc3 a5 27. Bg5 Kf8 28.
Bxe7+ Qxe7 29. Rxd6 Rdc8 30. Rxc6 e5 31. Rxc8+ Rxc8 32. Qg4 Rc7 33. Nd5 Qc5+
34. Kh2 Rb7 35. Qg5 Rb8 36. Qe3 Qc6 37. Qc3 Qe6 38. Nf4 Qf6 39. Nxg6+ hxg6 40.
Qc7 Re8 41. Qd6+ 1-0

[Event "K41 Aabent Mesterskab 2005-06"]
[Site "Copenhagen"]
[Date "2006.01.31"]
[Round "7"]
[White "Hou, Mads"]
[Black "Weber, John"]
[Result "0-1"]
[WhiteElo "1424"]
[BlackElo "1683"]
[PlyCount "49"]
[EventDate "2005.??.??"]


1. e4 e5 2. Nc3 Nf6 3. Bc4 Bc5 4. d3 d6 5. Bg5 Be6 6. Bxe6 fxe6 7. Nh3 Nc6 8.
Na4 Bb6 9. Nxb6 axb6 10. O-O O-O 11. Bh4 Qe8 12. f4 exf4 13. Rxf4 Ne5 14. Bxf6
Rxf6 15. Rxf6 gxf6 16. Nf4 Qf7 17. d4 Ng6 18. Qg4 f5 19. exf5 exf5 20. Qg5 Re8
21. Rf1 Qg7 22. Nh5 Qxd4+ 23. Kh1 Qf2 24. Nf6+ Kf7 25. Rg1 0-1

[Event "K41 Aabent Mesterskab 2005-06"]
[Site "Copenhagen"]
[Date "2006.01.31"]
[Round "7"]
[White "Lichtenberg, Ivan"]
[Black "Nielsen, Palle"]
[Result "0-1"]
[WhiteElo "1289"]
[BlackElo "1619"]
[PlyCount "46"]
[EventDate "2005.??.??"]


1. e4 d5 2. exd5 Qxd5 3. Nc3 Qa5 4. d4 Bf5 5. Bd2 c6 6. Nf3 e6 7. a3 Bd6 8. Ne4
Qc7 9. Nxd6+ Qxd6 10. Bb4 Qc7 11. Bd3 a5 12. Bc3 Ne7 13. Ng5 h6 14. Bxf5 Nxf5
15. Ne4 Nd7 16. Qd2 b6 17. O-O Rd8 18. Qe2 Nf6 19. Nxf6+ gxf6 20. d5 Rxd5 21.
Bxf6 Rg8 22. Rad1 Rg6 23. c4 Rxd1 0-1

[Event "K41 Aabent Mesterskab 2005-06"]
[Site "Copenhagen"]
[Date "2006.01.31"]
[Round "7"]
[White "Madsen, Poul Henrik"]
[Black "Taylor, Ralph"]
[Result "1-0"]
[WhiteElo "2026"]
[BlackElo "1801"]
[PlyCount "41"]
[EventDate "2005.??.??"]


1. d4 d5 2. Nf3 e6 3. e3 Nf6 4. Bd3 c5 5. c3 Nc6 6. O-O Bd6 7. Nbd2 e5 8. dxe5
Nxe5 9. Nxe5 Bxe5 10. e4 Qd6 11. Nf3 dxe4 12. Bxe4 Nxe4 13. Qa4+ Kf8 14. Qxe4
Bf6 15. Be3 Qc7 16. Rfe1 Bd7 17. Rad1 Be6 18. Bf4 Qb6 19. Rd6 Qxb2 20. Rxe6
fxe6 21. Qxe6 1-0

[Event "K41 Aabent Mesterskab 2005-06"]
[Site "Copenhagen"]
[Date "2006.02.03"]
[Round "7"]
[White "Nielsen, Michael"]
[Black "Ottosen, Peder"]
[Result "1-0"]
[WhiteElo "2034"]
[BlackElo "1957"]
[PlyCount "47"]
[EventDate "2005.??.??"]


1. d4 b6 2. e4 Bb7 3. Bd3 e6 4. Nf3 Nf6 5. Bg5 h6 6. Bxf6 Qxf6 7. Nbd2 c5 8.
Qe2 Qd8 9. d5 Be7 10. dxe6 dxe6 11. O-O-O O-O 12. e5 Qc7 13. h4 Nc6 14. Qe4 f5
15. exf6 Bxf6 16. Qxe6+ Qf7 17. Qe4 Bxb2+ 18. Kxb2 Qf6+ 19. Kb1 Rfe8 20. Qh7+
Kf8 21. Qf5 Qxf5 22. Bxf5 Re2 23. Rhf1 Rd8 24. Bd3 1-0

[Event "K41 Aabent Mesterskab 2005-06"]
[Site "Copenhagen"]
[Date "2006.01.31"]
[Round "7"]
[White "Nielsen, Richard Hjort"]
[Black "Eiholt, Bjarne"]
[Result "0-1"]
[WhiteElo "1336"]
[BlackElo "1588"]
[PlyCount "46"]
[EventDate "2005.??.??"]


1. e4 c6 2. d4 d5 3. exd5 cxd5 4. Bd3 Nc6 5. Be3 Nf6 6. Nf3 Bg4 7. O-O e6 8.
Be2 Be7 9. Nc3 O-O 10. Qd2 Rc8 11. a3 Na5 12. Ne5 Bxe2 13. Qxe2 a6 14. f4 Nc4
15. Nxc4 Rxc4 16. f5 Qd7 17. fxe6 Qxe6 18. Rae1 Bxa3 19. Rxf6 gxf6 20. Qh5 Bxb2
21. Nxd5 Bxd4 22. Kh1 Be5 23. Qd1 Rd8 0-1